<?xml version="1.0" encoding="UTF-8"?>
<record
    xmlns:xsi="http://www.w3.org/2001/XMLSchema-instance"
    xsi:schemaLocation="http://www.loc.gov/MARC21/slim http://www.loc.gov/standards/marcxml/schema/MARC21slim.xsd"
    xmlns="http://www.loc.gov/MARC21/slim">

  <leader>00365    a2200121   4500</leader>
  <controlfield tag="001">ART_17849</controlfield>
  <controlfield tag="005">20260410161701.0</controlfield>
  <controlfield tag="008">260409a                                 </controlfield>
  <datafield tag="245" ind1="1" ind2="0">
    <subfield code="a">El atarso cambiario en Argentina&#xBF;mito o realidad?</subfield>
  </datafield>
  <datafield tag="100" ind1="1" ind2=" ">
    <subfield code="a">Sjaastad, Larry A.</subfield>
  </datafield>
  <datafield tag="700" ind1="1" ind2=" ">
    <subfield code="a">Rodr&#xED;guez, Carlos A.</subfield>
  </datafield>
  <datafield tag="773" ind1="0" ind2=" ">
    <subfield code="t">Ensayos Econ&#xF3;micos</subfield>
    <subfield code="g">- N&#xBA; 13 (mar. 1980)</subfield>
    <subfield code="w">REV620</subfield>
  </datafield>
  <datafield tag="999" ind1=" " ind2=" ">
    <subfield code="c">15150</subfield>
    <subfield code="d">15150</subfield>
  </datafield>
</record>
